ბათუმის შოთა რუსთაველის სახელმწიფო უნივერსიტეტის ბიბლიოთეკა

მამა : ზურაბ ბერიძე 80 : (ბიბ.ჩანაწერი № 37735)

000 -ლიდერი
ფიქსირებული სიგრძის საკონტროლო ველი 01397nam a2200289Ia 4500
001 - საკონტროლო ნომერი
საკონტროლო ველი 3710
003 - საკონტროლო ნომრის იდენტიფიკატორი
საკონტროლო ველი GE_BSU
005 - ბოლო ოპერაციის თარიღი და დრო
საკონტროლო ველი 20190805151517.0
008 - ფიქსირებული სიგრძის მონაცემთა ელემენტები - ზოგადი ინფორმაცია
ფიქსირებული სიგრძის საკონტროლო ველი 181216s2012||||ge |||||||||||||| ||geo||
020 ## - წიგნის საერთაშორისო სტანდარტული ნომერი
International Standard Book Number 9789941176395
040 ## - კატალოგიზაციის წყარო
Transcribing agency GE_BSU
041 ## - ენის კოდი
Language code of text/sound track or separate title geo
080 ## - უნივერსალური ათობითი კლასიფიკაციის ინდექსი
Universal Decimal Classification number 94(479.223) ბ–52
100 ## - მთავარი ჩანაწერი - პიროვნების სახელი
Personal name ბერიძე, ჯემალ
9 (RLIN) 2734
245 ## - ცნობა სათაურის შესახებ
Title მამა : ზურაბ ბერიძე 80 :
Remainder of title პედაგოგი და საზოგადო მოღვაწე /
Statement of responsibility, etc ჯემალ ბერიძე ; რედ. მიხეილ მახარაძე.
264 ## - წარმოების, გამოცემის, დისტრიბუციის და სხვა ცნობები
გამოცემის, წარმოების, დისტრიბუციის... ადგილი თბილისი :
გამოცემის, წარმოების, დისტრიბუციის... სახელწოდება უნივერსალი,
გამოცემის, წარმოების, დისტრიბუციის... თარიღი 2012.
300 ## - ფიზიკური აღწერა
Extent 423 გვ. ;
Other physical details ფოტ. ;
Dimensions 22 სმ.
500 ## - ზოგადი შენიშვნა
General note ალბომი საოჯახო არქივიდან: გვ. 361-388.
501 ## - შენიშვნა თანმხლებ მასალაზე
With note დანართები: გვ. 391-409.
520 ## - SUMMARY, ETC.
Summary, etc რეზ. რუს. და ინგლ.
600 ## - SUBJECT ADDED ENTRY--PERSONAL NAME
Personal name ბერიძე ზურაბ (1939-1984)
9 (RLIN) 3022
653 ## - INDEX TERM--UNCONTROLLED
Uncontrolled term ქართველი პედაგოგები
653 ## - INDEX TERM--UNCONTROLLED
Uncontrolled term ქართული ოჯახების ისტორია
653 ## - INDEX TERM--UNCONTROLLED
Uncontrolled term საქართველოს სოფლების ისტორია
700 ## - ADDED ENTRY--PERSONAL NAME
Personal name მახარაძე, მიხეილ
Relator term რედაქტორი
9 (RLIN) 382
942 ## - ADDED ENTRY ELEMENTS (KOHA)
Koha item type წიგნი
Source of classification or shelving scheme
ეგზემპლარები
ჩამოწერის სტატუსი დაკარგული ეგზემპლარის სტატუსი კლასიფიკაციის წყარო ან თაროზე გაწყობის სქემა დაზიანების სტატუსი არ გაიცემა მუდმივი მდებარეობა (დაცვის ადგილი) ამჟამინდელი ადგილსამყოფელი თაროზე განთავსების ადგილი შეძენის თარიღი სრული შენახვის შიფრი შტრიხკოდი ბოლო ოპერაციის თარიღი ეგზემპლარის მიმდევრობითი ნომერი (კეტერი?) ფასის ძალაში შესვლის თარიღი ეგზემპლარის სახეობა საჯარო შენიშვნა
          ბათუმის შოთა რუსთაველის სახელმწიფო უნივერსიტეტის მთავარი ბიბლიოთეკა ბათუმის შოთა რუსთაველის სახელმწიფო უნივერსიტეტის მთავარი ბიბლიოთეკა წიგნსაცავი 2018-12-17 94(479.223) ბ–52 5275 2018-12-17 5275 2018-12-17 წიგნი
          ბათუმის შოთა რუსთაველის სახელმწიფო უნივერსიტეტის მთავარი ბიბლიოთეკა ბათუმის შოთა რუსთაველის სახელმწიფო უნივერსიტეტის მთავარი ბიბლიოთეკა წიგნსაცავი 2018-12-17 94(479.223) ბ–52 5274 2018-12-17 5274 2018-12-17 წიგნი